00301nam a2200121Ia 4500008004100000041000800041082002000049100001900069245002600088260003400114300002400148365000700172240624s9999 xx 000 0 und d aeng a658.4038011 BRA aBRADY JOSEPH A aADVANCED CASES IN MIS c2002aSingaporebThomson Asia ax, : 222 : cm. ; 28 cRS